000 01881cam a22004334i 4500
003 PE-LiUPU
005 20250731175645.0
008 150616s1992 miu r 000 0 heb d
020 _a0802805981
035 _a(Sirsi) i9780802805980
040 _aPE-LiUPU
_bspa
_cPE-LiUPU
_erda
049 _aPRUA
082 0 4 _a492.415
_bK38
_221
100 1 _aKelley, Page H.,
_eautor.
245 1 0 _aBiblical Hebrew: an introductory grammar /
_cPage H. Kelley.
264 1 _aGrand Rapids, Michigan :
_bWm. B. Eerdmans Publishing Co.,
_c1992.
300 _a453 páginas ;
_c26 centímetros
336 _atext
_2rdacontent
337 _aunmediated
_2rdamedia
338 _avolume
_2rdacarrier
505 0 _aGramática del hebreo bíblico Hebreo.
526 _aP145
526 _aP127
526 _aP97
526 _aP35
526 _aP14
526 _aP07
650 0 4 _aHEBREO BIBLICO
_xGRAMATICA
_vGLOSARIOS, VOCABULARIOS, ETC. (HEBREO-INGLES).
910 _ajck
_bjvq
_cjck
942 _2ddc
_cBOOK
949 _a492.415 K38
_wDEWEY
_c1
_i40574
_d2016-9-26
_e2016-9-25
_lCCODEBUL1
_mBUL
_n3
_r0
_sY
_tBOOK
_u2015-4-23
_xTEOLOGIA
_zUNKNOWN
_0COMPRA
_o.STAFF. Colección Teología
949 _a492.415 K38
_wDEWEY
_c2
_i50978
_d2016-9-18
_e2016-9-15
_lCCODEBUL1
_mBUL
_n1
_r0
_sY
_tBOOK
_u2015-6-16
_xTEOLOGIA
_zUNKNOWN
_0COMPRA
_o.STAFF. Colección Teología
994 _aC0
_bPEPRU
596 _a1
999 _a492.415 K38
_wDEWEY
_c58358
_i40574
_d58358
_e2016-9-25
_f2021-11-12
_g5
_lCCODEBUL1
_mBUL
_n3
_p27.83
_q8
_r0
_sY
_tBOOK
_u2015-4-23
_xTEOLOGIA
_PP35
_0COMPRA
_o.STAFF. Colección Teología
999 _a492.415 K38
_wDEWEY
_c2
_i50978
_d2020-2-5
_e2016-9-15
_f2021-11-11
_g5
_lCCODEBUL1
_mBUL
_n1
_p30.00
_q7
_r0
_sY
_tBOOK
_u2015-6-16
_xTEOLOGIA
_PP35
_0COMPRA
_o.STAFF. Colección Teología
980 _81
_gALBERTO SANCHEZ Responsable de Automatización